000 01561nam a22003977a 4500
003 CHAP
005 20220329143443.0
008 091014s2009 mx r 00010 spa d
010 _a96876
011 _a97848
035 _a108520
040 _cCHAP
090 _aTesis
100 1 _aFlores Monterrosas, José Heriberto.
_941650
245 1 0 _aProyecto de abasto de cilantro, cebollita y calabacita de una empresa exportadora
_c/por José Heriberto Flores Monterrosas
260 _aChapingo, Méx. :
_bEl autor,
_c2009
300 _axi, 142 h. :
_bcuadros, gráfs. , ilus.
502 _aTesis (Ing. Agr. Esp. en Fitotecnia) -- UACH. Departamento de Fitotecnia
530 _aTambién disponible en línea
590 _aALEPH
_b10
_c20130110
_lUCH01
_h1530
590 _aBATCH-UPD
_b10
_c20130110
_lUCH01
_h1257
590 _aBATCH-UPD
_b10
_c20130410
_lUCH01
_h0817
590 _aBATCH-UPD
_b10
_c20130914
_lUCH01
_h1419
590 _aBATCH-UPD
_b10
_c20140324
_lUCH01
_h1513
590 _aBATCH-UPD
_b10
_c20141002
_lUCH01
_h0840
590 _aCONVERSION
_b10
_c20130109
_lUCH01
_h1354
650 1 4 _aLegumbres
_xExportación.
_965716
650 1 4 _aLegumbres
_xMercadeo
_xPuebla.
_965752
650 1 4 _aProductos agrícolas
_xExportación.
_991945
650 1 4 _aProyectos
_xEvaluación.
_992525
856 _3Finding aid
_uhttp://10.13.5.2/tesis/108520.pdf
_zTeclea aqui
901 _aBK
942 _cFOLL
949 _aTesis
_bBC
_cTES
_d33724002127280
_eTS1
_gDonaciØn
_h49603
_i108520
_sb
949 _aTesis
_bBC
_cTES
_d33724002127322
_eTS2
_fc.2
_gDonaciØn
_h49604
_i108520
_sb
999 _c96876
_d96876